Statistics for Czech Names in English

Click here to take the quiz!

General Stats

  • This quiz has been taken 96 times
    (86 since last reset)
  • The average score is 19 of 35

Answer Stats

CzechEnglish% Correct
JakubJacob/James
96%
TomášTom/Thomas
96%
KarolínaCaroline
92%
JanJohn/Jack
92%
ŠimonSimon
92%
KarelCarl/Charles
82%
ZuzanaSusan
78%
PavelPaul
77%
MatějMatt/Matthew
73%
KateřinaCatherine
70%
KryštofChristopher
70%
EliášElijah/Elias
68%
AntonínAnthony
66%
ŠtěpánSteven/Stephen
64%
FrantišekFrank/Francis
63%
ŽofieSophie
59%
VilémWilliam
59%
KristýnaChristine
58%
AlžbětaElizabeth
58%
KláraClaire
56%
OndřejAndrew
53%
StanislavStanley
44%
MikulášNicholas
40%
EvženEugene
38%
JiříGeorge
38%
EliškaElizabeth/Eliza/Lisa
32%
JonášJonah/Jonathan
32%
JindřichHenry
22%
ŠárkaSarah
22%
LudvíkLouise/Lewis
21%
ŘehořGregory
19%
ArnoštErnest
15%
RozálieRosemary
12%
VáclavWenceslas
12%
VavřinecLawrence/Laurence
5%

Score Distribution

Percentile by Number Answered

Percent of People with Each Score

Your Score History

You have not taken this quiz since the last reset